| 000 | 01664nam a2200373 a 4500 | ||
|---|---|---|---|
| 999 |
_c57164 _d57164 |
||
| 003 | BLK | ||
| 005 | 20230703123859.0 | ||
| 008 | 180408b bul|||||r ||||||| ||bul|| | ||
| 010 | _aKNG00061156000 | ||
| 040 | _aBLK | ||
| 041 |
_aBUL _cBUL |
||
| 080 |
_aБългарски език _b811.163.2 _x(091) _z811.163.2(091) |
||
| 100 | 1 |
_aМладенов, Стефан _eпърви автор _9367288 |
|
| 139 |
_aМладенов, Стефан _bМ 77 |
||
| 245 | 1 | 0 |
_aИстория на българския език _cСтефан Младенов; прев. от нем. Иван Дуриданов; ред. Иван Дуриданов. |
| 257 | _aDEU | ||
| 260 |
_aСофия _bБАН _c1979 |
||
| 300 |
_a411 с. _c22 см |
||
| 380 | _a80 | ||
| 490 |
_aБългарско лингвистично наследство _v1 _9206503 |
||
| 500 | _aИзд. на БАН. Инст. за бълг. ез. - Ориг. загл. Geschichte der bulgarischen Sprache. - Прев. от нем. изд. през 1929 г. - 10 000 тир. - Библиогр. с. 371-382 ; Показалец на думи, корени и афикси. | ||
| 650 | 4 |
_aБългарски език - история _9244177 |
|
| 653 | _aбългарски език | ||
| 653 | _aистория | ||
| 700 | 1 |
_aДуриданов, Иван _eпрев. от нем. _9367249 |
|
| 700 | 1 |
_aДуриданов, Иван _eред. _9367249 |
|
| 852 | _aЦб 99784 | ||
| 856 | 4 |
_qpdf _i0.00 _ldisable |
|
| 856 | 4 |
_qpdf _i0.00 _ldisable |
|
| 942 |
_cKNG _n0 _03 _s1 |
||
| 944 |
_aCR _c13.06.2004 _lф / _kЛюдмила_Стоянова |
||
| 944 |
_aED _c2022-11-29 _kир |
||
| 999 | _d57164 | ||